Vista normal
Vista MARC
Entrada Corporate Name
Nombre de registres utilitzats a: 1
001 - CONTROL NUMBER
- control field: 4664
003 - CONTROL NUMBER IDENTIFIER
- control field: OSt
005 - DATE AND TIME OF LATEST TRANSACTION
- control field: 20210921175608.0
008 - FIXED-LENGTH DATA ELEMENTS
- fixed length control field: 210921|| aca||aabn | a|a d
040 ## - CATALOGING SOURCE
- Original cataloging agency: CDMR
110 ## - HEADING--CORPORATE NAME
- Corporate name or jurisdiction name as entry element: Esquerra Republicana de Catalunya
- Form subheading: Història